[Event "Zweibruecken PSB-ch HT1 82nd"]
[Site "Zweibruecken"]
[Date "2013.03.29"]
[Round "5"]
[White "Hamberger, Tamara"]
[Black "Karolewski, Adriana Olivia"]
[Result "1-0"]
[WhiteElo "1235"]
[BlackElo "1301"]
[PlyCount "45"]
[EventDate "2013.??.??"]
[EventType "swiss"]
[EventRounds "7"]
[EventCountry "GER"]
[SourceTitle "EXT 2014"]
[Source "ChessBase"]
[SourceDate "2013.11.20"]
[SourceVersion "1"]
[SourceVersionDate "2013.11.20"]
[SourceQuality "1"]

1. c4 e5 2. Nc3 Nf6 3. b3 d5 4. cxd5 Nxd5 5. Bb2 Nc6 6. e3 a6 7. Nge2 Nb6 8. g3 Bd6 9. Bg2 Bd7 10. 0-0 0-0 11. d4 exd4 12. Nxd4 Nxd4 13. Qxd4 Rb8 14. Ne4 f6 15. Nxd6 cxd6 16. Qxd6 Bb5 17. Qxd8 Rfxd8 18. Rfd1 Re8 19. Rac1 Nc8 20. Rc7 b6 21. a4 Bxa4 22. bxa4 Re7 23. Rd8+ 1-0